000 00228nam a22000857a 4500
008 160924b xxu||||| |||| 00| 0 eng d
100 _9720
_aSinha.S.K
245 _aThree Men in a Boat
260 _aNew Delhi
_bS. Chand Publications
_c2014
999 _c3377
_d3377